Datum a čas kvízu
29
Celkem bodů
Celkový počet nahraných bodů na tomto kvízu bez doplňovacích otázek.
8.
Pořadí na kvízu
Konečné umístění týmu na tomto kvízu.
Zaznamenané odpovědi
| # | Otázka | Odpověď | Body | Výsledky |
|---|---|---|---|---|
| 1. | Vláda minulý týden oznámila, ž... | Marian Jurečka | 1 | |
| 2. | Minulý týden navštívil Českou... | Polska | 1 | |
| 3. | Ve čtvrtek vstoupil do našich... | Promlčeno | 0 | |
| 4. | Tradiční český výrobce letadel... | v Kunovicích | 1 | |
| 5. | Česká snowboardistka a sjezdov... | windsurfing | 1 | |
| 6. | Při závodech osmiveslic nesmí... | kormidelníka | 0 | |
| 7. | Aby byl kůň podle Mezinárodní... | D | 0 | |
| 8. | Celkem 22 koulí, plocha necelý... | snooker | 1 | |
| 9. | Kterou hodnotu určuje číslo 13... | C | 1 | |
| 10. | Pokud brněnská tramvaj číslo 1... | Grohova | 0 |